<?xml version="1.0" encoding="UTF-8"?>
<record
    xmlns:xsi="http://www.w3.org/2001/XMLSchema-instance"
    xsi:schemaLocation="http://www.loc.gov/MARC21/slim http://www.loc.gov/standards/marcxml/schema/MARC21slim.xsd"
    xmlns="http://www.loc.gov/MARC21/slim">

  <leader>04044nab a2200265uuc4500</leader>
  <controlfield tag="001">1313882</controlfield>
  <controlfield tag="005">20240304091012.0</controlfield>
  <controlfield tag="008">130201e20121201                    spa  </controlfield>
  <datafield tag="035" ind1=" " ind2=" ">
    <subfield code="a">1313882</subfield>
  </datafield>
  <datafield tag="040" ind1=" " ind2=" ">
    <subfield code="c">comduadb</subfield>
  </datafield>
  <datafield tag="041" ind1=" " ind2=" ">
    <subfield code="a">spa</subfield>
  </datafield>
  <datafield tag="100" ind1="1" ind2="0">
    <subfield code="a">Guti&#xE9;rrez Rojas, Andr&#xE9;s Felipe</subfield>
    <subfield code="4">aut</subfield>
    <subfield code="e">aut</subfield>
    <subfield code="9">267054</subfield>
  </datafield>
  <datafield tag="245" ind1="1" ind2="0">
    <subfield code="a">Prevalencia de prolapso del piso p&#xE9;lvico en pacientes con incontinencia urinaria de esfuerzo.</subfield>
  </datafield>
  <datafield tag="520" ind1=" " ind2=" ">
    <subfield code="a">RESUMEN : Objetivo: Determinar la prevalencia de prolapso de piso p&#xE9;lvico en mujeres con incontinencia urinaria de esfuerzo pura y mixta con predominio de esfuerzo, y su asociaci&#xF3;n con factores predisponentes descritos en la literatura. Materiales y m&#xE9;todos: Se revisaron las historias de 1.266 pacientes llevadas a urodinamia entre febrero de 2009 y ffebrero de 2011. Se incluyeron aquellas con incontinencia urinaria de esfuerzo pura, o mixta con predominio de esfuerzo. Se busc&#xF3; la prevalencia general y discriminada de prolapsos (clasificaci&#xF3;n POP-Q), correlaci&#xF3;n con la edad, medidas antropom&#xE9;tricas, n&#xFA;mero de partos por v&#xED;a vaginal, puntaje de ICIQ y severidad de la incontinencia. Resultados: 779 (61,53%) presentaron incontinencia urinaria de esfuerzo pura y 487 (38,47%) incontinencia urinaria mixta con predominio de esfuerzo. La edad promedio fue 52,5 a&#xF1;os. El promedio de partos vaginales fue 2,69. La prevalencia de prolapsos anteriores fue de 47,2% (598) y posteriores de 31,9% (405). La frecuencia de prolapsos de componente anterior en estadio I fue 20,7%; en estadio II, 20,62%; en estadio III, 4,11% y en estadio IV, 1,82%. Adem&#xE1;s, se encontr&#xF3; un promedio de prolapsos de componente posterior en estadio I del 22,75%; 7,42% en estadio II; 1,5% en estadio III y 0,32% en estadio IV. El 11,22% de las pacientes consideran que su incontinencia es leve, 56,71% moderada y severa el 31,83%. El n&#xFA;mero de partos vaginales se asocia de forma significativa con la presencia de prolapso posterior (p=0,00001) y anterior (p=0,001). Tambi&#xE9;n existe una asociaci&#xF3;n estad&#xED;sticamente significativa entre el prolapso anterior (p=0,001) y posterior (p=0,004) con la severidad de la incontinencia (p=0,008) y el &#xED;ndice de masa corporal (p=0,01). La escala de calidad de vida no mostr&#xF3; asociaci&#xF3;n estad&#xED;sticamente significativa con el prolapso anterior (p=0,14) o posterior (p=0,06).</subfield>
  </datafield>
  <datafield tag="520" ind1=" " ind2=" ">
    <subfield code="a">Interpretaci&#xF3;n de resultados: en la poblaci&#xF3;n de mujeres con incontinencia urinaria de esfuerzo y mixta con predominio de esfuerzo, existe una alta prevalencia de prolapsos del piso p&#xE9;lvico, siendo m&#xE1;s frecuentes los del componente anterior y los de menor estadio seg&#xFA;n la clasificaci&#xF3;n POP-Q. El &#xED;ndice de masa corporal tiene una asociaci&#xF3;n con la presencia de prolapso de piso p&#xE9;lvico, lo que plantea que la obesidad correlaciona con un aumento en la frecuencia de prolapso. Un fen&#xF3;meno observado importante es que la severidad de incontinencia y su impacto sobre la calidad de vida se asocian al relacionarse con un prolapso. Conclusiones : la prevalencia de prolapsos del piso p&#xE9;lvico en pacientes con incontinencia urinaria es alta, siendo m&#xE1;s frecuentes los del componente anterior. No se encontr&#xF3; asociaci&#xF3;n estad&#xED;sticamente significativa entre la presencia de un prolapso con el puntaje de calidad de vida. Esta patolog&#xED;a debe ser evaluada de manera estandarizada, tanto en la consulta urol&#xF3;gica, como en el estudio urodin&#xE1;mico, ya que su identificaci&#xF3;n contribuye al entendimiento global de los des&#xF3;rdenes del piso p&#xE9;lvico y el manejo integral de estas patolog&#xED;as.</subfield>
  </datafield>
  <datafield tag="650" ind1=" " ind2=" ">
    <subfield code="a">Incontinencia urinaria de esfuerzo</subfield>
    <subfield code="9">53874</subfield>
  </datafield>
  <datafield tag="650" ind1=" " ind2=" ">
    <subfield code="a">Prolapso</subfield>
    <subfield code="9">19183</subfield>
  </datafield>
  <datafield tag="650" ind1=" " ind2=" ">
    <subfield code="a">Suelo p&#xE9;lvico</subfield>
    <subfield code="9">130214</subfield>
  </datafield>
  <datafield tag="650" ind1=" " ind2="7">
    <subfield code="a">Obesidad</subfield>
    <subfield code="2">lemb</subfield>
    <subfield code="9">12710</subfield>
  </datafield>
  <datafield tag="700" ind1="1" ind2="0">
    <subfield code="a">Solorzano, Maria Conchita</subfield>
    <subfield code="4">aut</subfield>
    <subfield code="e">aut</subfield>
    <subfield code="9">492714</subfield>
  </datafield>
  <datafield tag="700" ind1="1" ind2="0">
    <subfield code="a">Trujillo Ordo&#xF1;ez, Carlos Gustavo</subfield>
    <subfield code="4">aut</subfield>
    <subfield code="e">aut</subfield>
    <subfield code="9">618365</subfield>
  </datafield>
  <datafield tag="700" ind1="1" ind2="0">
    <subfield code="a">Plata Salazar, Mauricio</subfield>
    <subfield code="4">aut</subfield>
    <subfield code="e">aut</subfield>
    <subfield code="9">457406</subfield>
  </datafield>
  <datafield tag="773" ind1="0" ind2=" ">
    <subfield code="t">Revista Urolog&#xED;a Colombiana (Bogot&#xE1;)</subfield>
    <subfield code="g">Volumen 21, N&#xFA;mero 03, Diciembre 2012, p. 41-49</subfield>
    <subfield code="w">450266</subfield>
    <subfield code="z">0120789X</subfield>
    <subfield code="0">119730</subfield>
  </datafield>
  <datafield tag="942" ind1=" " ind2=" ">
    <subfield code="c">ARIMP</subfield>
  </datafield>
  <datafield tag="999" ind1=" " ind2=" ">
    <subfield code="c">641722</subfield>
    <subfield code="d">641722</subfield>
  </datafield>
</record>
